| 000 | 00569nam a22002057a 4500 | ||
|---|---|---|---|
| 999 |
_c2551 _d2551 |
||
| 003 | AR-CdUCM | ||
| 008 | 190304b ||||| |||| 00| 0 spa d | ||
| 040 |
_aMUNICIPALIDAD PROVINCIAL DEL CUSCO _cBIBLIOTECA MUNICIPAL DEL CUSCO |
||
| 082 |
_a891.51 / _bD76 |
||
| 100 |
_aDostoyevski, Fedor _99032 |
||
| 245 | _aPobre gente | ||
| 260 |
_aChile : _bEmpresa Letras, _c1933. |
||
| 300 |
_a93 Páginas ; _c17 cm. |
||
| 505 | _aContenido: Novela / | ||
| 650 |
_aLiteratura _9416 |
||
| 650 |
_aClasica _99033 |
||
| 650 |
_aNovela _95 |
||
| 942 |
_2ddc _cLIBROS |
||
| 945 | _adavv | ||